| 000 | 00609nam a22001937a 4500 | ||
|---|---|---|---|
| 005 | 20251108164947.0 | ||
| 008 | 250721s1984 xx 000 0 ara d | ||
| 082 | 1 | 4 | _a810.9076/محم |
| 100 | 1 | _aالفقي، محمد كامل | |
| 245 | 1 | 0 | _aالأدب العربي في العصر المملوكي / |
| 250 | _aط3. | ||
| 264 | 1 |
_aالقاهرة : _bدار الموقف العربي للنشر و التوزيع، _c1984. |
|
| 300 | _a191ص | ||
| 650 | 1 | 7 | _aالأدب العربي |
| 650 | 1 | 7 | _aالنقد الأدبي |
| 650 | 1 | 7 | _aالمماليك 1250-1517 |
| 942 |
_2ddc _cBK |
||
| 999 |
_c18452 _d18452 |
||